1207 1635 1644 1089 1290 1363 1029 1681 1748 1695 1113 1078 1131 1297 1745 1163 1193 1671 1714 1713 1558 1843 1532 1980 1923 1106 1796 1012 1080 1716 1808 1777 1679 1838 1208 1396 1627 1354 1762 1439 1008 1719 1731 1731 1041 1636 1327 1850 1860 1397 1238 1835 1031 1024 1522 1477 1009 1334 1928 1552 1512 1819 1599 1844 1356 1527 1034 1459 1549 1859 1948 1601 1532 1697 2000 1428 1436 1350 1916 1494 1436 1866 1381 1535 1809 1001 1730 1714 1537 1721 1659 1047 1396 1130 1592 1583 1645 1497 1773 BCNSPRNW ULIB Ver.6.0+V

เปลี่ยนเป็นภาษาไทย

Change to English
 แสดงรายละเอียดบรรณานุกรม
  กลับหน้าหลัก

Brief Record : Get Marc (ISO 2709) : E-mail record : QR code < ปิดหน้าต่าง
LEADER : 00000nam 2200000uu 4500
001    13399123536
003     ULIB
008    141005s2555||||th 000 0 tha d
020    9786167375434
060 04 WO500^bค695
245 00 คู่มือหัตถการทางวิสัญญี =^bHandbook of anestheticprocedures /^c[บรรณาธิการ] วิรัตน์ วศินวงศ์
246 31 Handbook of anesthetic procedures
250    พิมพ์ครั้งที่ 2
260    สงขลา :^bชานเมืองการพิมพ์,^c2555
300    223 หน้า :^bภาพประกอบ ;^c22 ซม.
650  4 หัตถการทางการแพทย์
650  4 วิสัญญีวิทยา
700 0  วิรัตน์ วศินวงศ์,^eบรรณาธิการ
945    ^p220^l0^i21021
945    ^p220^l0^i21022
945    ^p220^l0^i21023
945    ^p220^l0^i21024
945    ^p220^l0^i21025
995    ทศพร
999 ^a ใช้งานได้ทุกระบบ
รายการนี้ยังไม่มีแท็ก
คุณยังไม่ได้ล็อกอิน คุณสามารถมีกิจกรรมร่วมกับเว็บไซต์ได้ แต่ต้องล็อกอินก่อน ::
  ล็อกอิน

รายการสื่อสารสนเทศ

ลำดับที่ ประเภท เลขเรียก/บาร์โค้ด สถานที่ สถานะ
1. วิทยาศาสตร์การแพทย์ และสุขภาพ
วิทยาศาสตร์การแพทย์ และสุขภาพ
สถานะ=หนังสือเก่า
WO500 ค695 ฉ.1 
  Barcode: 21021
ห้องสมุดวิทยาเขตนครสวรรค์
►ส่วนจัดเก็บหนังสือเก่า นว.
บนชั้น
  ขอยืม
2. วิทยาศาสตร์การแพทย์ และสุขภาพ
วิทยาศาสตร์การแพทย์ และสุขภาพ
สถานะ=หนังสือเก่า
WO500 ค695 ฉ.2 
  Barcode: 21022
ห้องสมุดวิทยาเขตนครสวรรค์
►ส่วนจัดเก็บหนังสือเก่า นว.
บนชั้น
  ขอยืม
3. วิทยาศาสตร์การแพทย์ และสุขภาพ
วิทยาศาสตร์การแพทย์ และสุขภาพ
สถานะ=หนังสือเก่า
WO500 ค695 ฉ.3 
  Barcode: 21023
ห้องสมุดวิทยาเขตนครสวรรค์
►ส่วนจัดเก็บหนังสือเก่า นว.
บนชั้น
  ขอยืม
4. วิทยาศาสตร์การแพทย์ และสุขภาพ
วิทยาศาสตร์การแพทย์ และสุขภาพ
สถานะ=หนังสือเก่า
WO500 ค695 ฉ.4 
  Barcode: 21024
ห้องสมุดวิทยาเขตนครสวรรค์
►ส่วนจัดเก็บหนังสือเก่า นว.
บนชั้น
  ขอยืม
5. วิทยาศาสตร์การแพทย์ และสุขภาพ
วิทยาศาสตร์การแพทย์ และสุขภาพ
สถานะ=หนังสือเก่า
WO500 ค695 ฉ.5 
  Barcode: 21025
ห้องสมุดวิทยาเขตนครสวรรค์
►ส่วนจัดเก็บหนังสือเก่า นว.
บนชั้น
  ขอยืม

รายการใกล้เคียง
    หัวเรื่อง [หัตถการทางการแพทย์]
    หัวเรื่อง [วิสัญญีวิทยา]

BibComment


ยังไม่เคยถูกคอมเมนท์

คอมเมนท์ทรัพยากรรายการนี้
  คอมเมนท์: คู่มือหัตถการทางว..


 Copyright 2026. Bcnsprnw @Library